书目信息 |
| 题名: |
二刻拍案惊奇
|
|
| 作者: | 凌濛初 著 | |
| 分册: | ||
| 出版信息: | 呼和浩特 内蒙古人民出版社 2014 |
|
| 页数: | 406页 | |
| 开本: | 24cm | |
| 丛书名: | ||
| 单 册: | ||
| 中图分类: | I242.3 | |
| 科图分类: | ||
| 主题词: | 话本小说--小说集--中国--明代 , 话本小说 | |
| 电子资源: | ||
| ISBN: | 978-7-204-12501-2 | |
| 000 | 00673nam0 2200241 450 | |
| 001 | 007089835 | |
| 005 | 20140611145531.09 | |
| 010 | @a978-7-204-12501-2@dCNY32.00 | |
| 100 | @a20140401d2014 em y0chiy50 ea | |
| 101 | 0 | @achi |
| 102 | @aCN@b150000 | |
| 105 | @ay z 000ay | |
| 106 | @ar | |
| 200 | 1 | @a二刻拍案惊奇@9er ke pai an jing qi@f(明)凌濛初著 |
| 210 | @a呼和浩特@c内蒙古人民出版社@d2014 | |
| 215 | @a406页@d24cm | |
| 300 | @a国学百部典藏 | |
| 606 | 0 | @a话本小说@x小说集@y中国@z明代 |
| 606 | 0 | @a话本小说 |
| 690 | @aI242.3@v5 | |
| 701 | 0 | @c(明)@a凌濛初@9ling meng chu@f(1580-1644)@4著 |
| 801 | 0 | @aCN@bNLC@c20140404 |
| 905 | @b845188-90@dI242.3@e14@f3 | |
| 二刻拍案惊奇/(明)凌濛初著.-呼和浩特:内蒙古人民出版社,2014 |
| 406页;24cm |
| 国学百部典藏 |
| ISBN 978-7-204-12501-2:CNY32.00 |
| ● |
| 相关链接 |
|
|
|
|
正题名:二刻拍案惊奇
索取号:I242.3/14
 
预约/预借
| 序号 | 登录号 | 条形码 | 馆藏地/架位号 | 状态 | 备注 |
| 1 | 845188 | 208451888 | 第一样本阅览室/ [索取号:I242.3/14] | 在馆 | |
| 2 | 845189 | 208451897 | 第二借阅区/ [索取号:I242.3/14] | 在馆 | |
| 3 | 845190 | 208451904 | 第二借阅区/ [索取号:I242.3/14] | 在馆 |